La arquitectura española en sus monumentos desaparecidos / (Record no. 71296)

MARC details
000 -LEADER
campo de control de longitud fija 00544nam a2200169 i 4500
001 - NÚMERO DE CONTROL
campo de control 71296
003 - IDENTIFICADOR DE NÚMERO DE CONTROL
campo de control ES-MaACL
005 - FECHA Y HORA DE LA ÚLTIMA TRANSACCIÓN
campo de control 20240927063113.0
007 - CAMPO FIJO DE DESCRIPCIÓN FÍSICA--INFORMACIÓN GENERAL
campo de control de longitud fija t|
008 - DATOS DE LONGITUD FIJA--INFORMACIÓN GENERAL
campo de control de longitud fija 040809s1961 sp ||||1| spa d
100 0# - ENTRADA PRINCIPAL--NOMBRE DE PERSONA
Nombre de persona Gaya Nuño, Juan Antonio,
Fechas asociadas al nombre 1913-1976
9 (RLIN) 56130
245 13 - MENCIÓN DEL TÍTULO
Título La arquitectura española en sus monumentos desaparecidos /
Mención de responsabilidad, etc. Juan Antonio Gaya Nuño.
260 ## - PUBLICACIÓN, DISTRIBUCIÓN, ETC.
Lugar de publicación, distribución, etc. Madrid :
Nombre del editor, distribuidor, etc. Espasa-Calpe,
Fecha de publicación, distribución, etc. 1961.
300 ## - DESCRIPCIÓN FÍSICA
Extensión 461 p., 5 lám. :
Otras características físicas il. ;
Dimensiones 28 cm.
852 ## - LOCALIZACIÓN
Ubicación ES-MaACL
Número de control de estantería C-19450
Sublocalización o colección R.48047
Holdings
Estatus retirado Estado de pérdida Estado de daño No para préstamo Biblioteca de origen Biblioteca actual Ubicación en estantería Fecha de adquisición Fuente de adquisición Total de préstamos Signatura topográfica completa Código de barras Visto por última vez Precio de reemplazo Tipo de ítem Koha
        Biblioteca del Ateneo de Madrid Biblioteca del Ateneo de Madrid Galería 17/01/2008     C-19450 1074651 23/02/2023 23/02/2023 Libro impreso